00609nam a2200157 a 450000100100000000500170001000800410002704000250006808200150009310000390010824501010014726000360024830000370028495201130032199900170043400002970120200930055736.0110425s2002 dr bd 000 0 spa d aDO-SdBNPbspacBNPHU axxxbA473c1 aÁlvarez Bogaert, Fernando95649710aChina :bpotencia emergente en la política de precios mundiales /cFernando Álvarez Bogaert. aSanto Domingo :b[s.n.],c2002. a20 p. :bmapa, diagrs. ;c24 cm. 0010718PDaPDbPDcCTd2011-04-25iLF1l0oxxx A473cp29701-10r2020-06-25w2020-06-25yLFPDZNo se presta c29193d29193